| 000 | 00813nab a2200193 4500 | ||
|---|---|---|---|
| 001 | 244442 | ||
| 003 | OSt | ||
| 005 | 20251021130333.0 | ||
| 007 | tu | ||
| 008 | 200917s2020||||||| | ||
| 040 |
_aDE-2950 _cDE-2950 |
||
| 245 | 0 | 0 |
_aWie Frankfurter ihre Geschichte entdeckten _bRückblick. Karl Ludwig Zitelmann trugt 1860/1861 maßgeblich zur Gründung des Historischen Vereins für Heimatkunde zu Frankfurt an er Oder bei. Dieser gewann schnell an Mitgliedern und setzt sich such für ein Denkmal für den in der Stadt geborenen Dichter Heinrich von Kleist ein/ _cRalf-Rüdiger Targiel |
| 264 | _c2025 | ||
| 653 | _aFrankfurt (Oder) | ||
| 653 | _aStadtgeschichte | ||
| 653 | _aHistorischer Verein | ||
| 773 | 0 |
_g36. Jahrgang (2025) Nr. 242 vom 17.10.2025, S. 17 mit Fotos _tMärkische Oderzeitung |
|
| 942 |
_2z _cA |
||
| 999 |
_c374078 _d374078 |
||